Kabale University Library Catalogue

Promoting Concordance in Mental Health / (Record no. 106)

MARC details
000 -LEADER
fixed length control field 00699nam a22002177a 4500
003 - CONTROL NUMBER IDENTIFIER
control field OSt
005 - DATE AND TIME OF LATEST TRANSACTION
control field 20200310150712.0
008 - FIXED-LENGTH DATA ELEMENTS--GENERAL INFORMATION
fixed length control field 200310b ||||| |||| 00| 0 eng d
020 ## - INTERNATIONAL STANDARD BOOK NUMBER
International Standard Book Number 9781856424271
040 ## - CATALOGING SOURCE
Original cataloging agency KABLIB
Transcribing agency KABLIB
082 ## - DEWEY DECIMAL CLASSIFICATION NUMBER
Edition number 23
Classification number 613
Item number PRO
100 ## - MAIN ENTRY--PERSONAL NAME
Personal name Edited by Marland,Glenn R.
9 (RLIN) 391
245 ## - TITLE STATEMENT
Title Promoting Concordance in Mental Health /
Statement of responsibility, etc. edited by Lisa McNay.
260 ## - PUBLICATION, DISTRIBUTION, ETC.
Place of publication, distribution, etc. London:
Name of publisher, distributor, etc. Qyay Books,
Date of publication, distribution, etc. c2012.
300 ## - PHYSICAL DESCRIPTION
Extent xvi, 221p.;
Other physical details ill. (B and W) :
Dimensions 21cm.
500 ## - GENERAL NOTE
General note Includes: References (P. 197-215)
500 ## - GENERAL NOTE
General note Includes: Index (P. 217-221)
650 ## - SUBJECT ADDED ENTRY--TOPICAL TERM
Topical term or geographic name entry element Health Care
9 (RLIN) 392
700 ## - ADDED ENTRY--PERSONAL NAME
Personal name Edited by Glenn R. Marland, Lisa McNay and Austyn Snowden
9 (RLIN) 393
942 ## - ADDED ENTRY ELEMENTS (KOHA)
Source of classification or shelving scheme Dewey Decimal Classification
Koha item type Book
Holdings
Withdrawn status Lost status Source of classification or shelving scheme Damaged status Not for loan Home library Current library Shelving location Date acquired Total Checkouts Full call number Barcode Date last seen Price effective from Koha item type
    Dewey Decimal Classification     Education Library Education Library Open Access Section 10.08.2020   613 PRO 2951 10.08.2020 10.08.2020 Book
    Dewey Decimal Classification     School of Medicine Library School of Medicine Library Open Access Section 10.03.2020   613 PRO 2937 10.03.2020 10.03.2020 Book

Kabale University Library | Kabale University P.O Box 317, Kabale, Uganda
Tel : +256754017033, +256774661503 E-mail : library@kab.ac.ug